<?xml version="1.0" encoding="UTF-8"?>
<record
    xmlns:xsi="http://www.w3.org/2001/XMLSchema-instance"
    xsi:schemaLocation="http://www.loc.gov/MARC21/slim http://www.loc.gov/standards/marcxml/schema/MARC21slim.xsd"
    xmlns="http://www.loc.gov/MARC21/slim">

  <leader>01167aam a2200361a 44500</leader>
  <controlfield tag="008">940622s1990                        cat</controlfield>
  <datafield tag="017" ind1=" " ind2=" ">
    <subfield code="a">B-19318-1990</subfield>
  </datafield>
  <datafield tag="041" ind1=" " ind2=" ">
    <subfield code="a">cat</subfield>
  </datafield>
  <datafield tag="080" ind1=" " ind2=" ">
    <subfield code="a">796.332</subfield>
  </datafield>
  <datafield tag="110" ind1=" " ind2=" ">
    <subfield code="a">Consorci per a la Normalitzaci&#xF3; Ling&#xFC;&#xED;stica. Centre de Normalitzaci&#xF3; Ling&#xFC;&#xED;stica Ca n'Ametller</subfield>
    <subfield code="9">62141</subfield>
  </datafield>
  <datafield tag="245" ind1=" " ind2=" ">
    <subfield code="a">El futbol sala</subfield>
  </datafield>
  <datafield tag="245" ind1=" " ind2=" ">
    <subfield code="c">Consorci per a la Normalitzaci&#xF3; Ling&#xFC;&#xED;stica. Centre de Normalitzaci&#xF3; Ling&#xFC;&#xED;stica Ca n'Ametller (ed.)</subfield>
  </datafield>
  <datafield tag="245" ind1=" " ind2=" ">
    <subfield code="c">Molins de Rei. Ajuntament. Regidoria d'Esports (ed.)</subfield>
  </datafield>
  <datafield tag="260" ind1=" " ind2=" ">
    <subfield code="a">Molins de Rei</subfield>
  </datafield>
  <datafield tag="260" ind1=" " ind2=" ">
    <subfield code="b">Centre de Normalitzaci&#xF3; Ling&#xFC;&#xED;stica Ca N'Ametller</subfield>
  </datafield>
  <datafield tag="260" ind1=" " ind2=" ">
    <subfield code="c">1990</subfield>
  </datafield>
  <datafield tag="300" ind1=" " ind2=" ">
    <subfield code="a">7 p.</subfield>
    <subfield code="b">il.</subfield>
    <subfield code="c">30 cm.</subfield>
  </datafield>
  <datafield tag="490" ind1=" " ind2=" ">
    <subfield code="a">Dossiers de l'Esport; </subfield>
    <subfield code="v">3</subfield>
  </datafield>
  <datafield tag="520" ind1=" " ind2=" ">
    <subfield code="a">24</subfield>
  </datafield>
  <datafield tag="546" ind1=" " ind2=" ">
    <subfield code="a">catal&#xE0;</subfield>
  </datafield>
  <datafield tag="591" ind1=" " ind2=" ">
    <subfield code="a">4084</subfield>
  </datafield>
  <datafield tag="592" ind1=" " ind2=" ">
    <subfield code="a">Obra terminol&#xF2;gica</subfield>
  </datafield>
  <datafield tag="593" ind1=" " ind2=" ">
    <subfield code="a">VKBA</subfield>
  </datafield>
  <datafield tag="594" ind1=" " ind2=" ">
    <subfield code="a">4084</subfield>
  </datafield>
  <datafield tag="650" ind1=" " ind2=" ">
    <subfield code="a">futbol sala</subfield>
    <subfield code="9">62140</subfield>
  </datafield>
  <datafield tag="710" ind1=" " ind2=" ">
    <subfield code="a">Molins de Rei. Ajuntament. Regidoria d'Esports</subfield>
    <subfield code="9">62142</subfield>
  </datafield>
  <datafield tag="830" ind1=" " ind2=" ">
    <subfield code="a">Dossiers de l'Esport; </subfield>
    <subfield code="v">3</subfield>
    <subfield code="9">62143</subfield>
  </datafield>
  <datafield tag="901" ind1=" " ind2=" ">
    <subfield code="c">DL &lt;1990&gt;</subfield>
  </datafield>
  <datafield tag="902" ind1=" " ind2=" ">
    <subfield code="a">940622</subfield>
  </datafield>
  <datafield tag="942" ind1=" " ind2=" ">
    <subfield code="c">MO</subfield>
    <subfield code="n">0</subfield>
  </datafield>
  <datafield tag="999" ind1=" " ind2=" ">
    <subfield code="c">51858</subfield>
    <subfield code="d">51858</subfield>
  </datafield>
  <datafield tag="952" ind1=" " ind2=" ">
    <subfield code="0">0</subfield>
    <subfield code="1">0</subfield>
    <subfield code="4">0</subfield>
    <subfield code="7">0</subfield>
    <subfield code="a">TERMCAT</subfield>
    <subfield code="b">TERMCAT</subfield>
    <subfield code="d">1994-06-22</subfield>
    <subfield code="l">0</subfield>
    <subfield code="o">VKB 17</subfield>
    <subfield code="p">00908</subfield>
    <subfield code="r">2021-09-30 00:00:00</subfield>
    <subfield code="w">2021-09-30</subfield>
    <subfield code="y">MO</subfield>
  </datafield>
</record>
